000 00789nam a2200265 a 4500
001 BD-DhNSU-30968
003 BD-DhNSU
005 20260422123845.0
008 260422s1984 bg ||||g vw|| 001 0|eng d
040 _aDLC
_cBD-DhNSU
_dBD-DhNSU
041 _aeng
050 0 0 _aKNG19
_b.A2B36 1984
245 0 0 _aBangladesh legal decisions ,
_nVol. 4/
_cedited by Kazi Ebadul Hoque.
246 _aBLD
_bVolume IV
260 _aDhaka :
_bBangladesh Bar Council,
_c1984.
300 _avp ;
_c25 cm.
500 _aDec- 84 Reg. No. DA. 513
526 _aLaw
590 _aSumaiya Kainat Bintey Kohinoor
650 0 _aLaw reports digests etc
_zBangladesh.
650 4 _aLaw reports digests etc
700 1 _aHoque, Kazi Ebadul
_eeditor
710 _aBangladesh Bar Council.
942 _2lcc
_cBK
999 _c30968
_d30968